| 000 | 01181nam a22003257a 4500 | ||
|---|---|---|---|
| 001 | BD-DhSAU 9032 | ||
| 003 | BD-DhSAU | ||
| 005 | 20190102114528.0 | ||
| 008 | 150612b2017 bg a||||r|||| 000 0 eng d | ||
| 040 | _aBD-DhSAU | ||
| 082 |
_222 _a631.4 _bH2245 |
||
| 100 |
_aKumer , Rajib _4Registration No: 11-04535 |
||
| 245 |
_a Effect of Biochar and water stress on the Growth and Yield of Wheat / _cKumer , Rajib _bMs Thesis |
||
| 260 |
_aSher-e- Bangla Agricultural University : _bDepartment of Soil science, _c2017. |
||
| 300 |
_aviii , 83 p. : _bill. , _c30 cm. |
||
| 500 | _aMS thesis of Department of Soil Science, Faculty of Agriculture, Sher-e-Bangla Agricultural University, Dhaka, Bangladesh | ||
| 504 | _aIncludes bibliographical references. | ||
| 590 | _aShofi | ||
| 650 | _aSoil Science | ||
| 650 | _aEffect | ||
| 650 | _a Effect | ||
| 650 | _aBiochar | ||
| 650 | _aWater stress | ||
| 650 | _aGrowth and Yield | ||
| 650 | _aWheat | ||
| 700 |
_aShahriar , Syfullah _eSupervisor |
||
| 700 |
_a Paul , Alok Kumar _eCo-Supervisor |
||
| 856 |
_uhttp://archive.saulibrary.edu.bd:8080/xmlui/handle/123456789/2020 _yOnline Access |
||
| 942 |
_2ddc _cTHESIS |
||
| 999 |
_c14506 _d14505 |
||